燕云十六州历史地图(938年) - Statistics

General Stats
  • This quiz has been taken 55 times
  • The average score is 6 of 16
Answers on the Map
Answers color-coded by a green-red scale on the quiz's map according to % correct below.
 
Answer Stats
% Correct
幽州
91%
云州
89%
蓟州
64%
莫州
48%
瀛州
43%
朔州
43%
妫州
36%
蔚州
36%
涿州
32%
武州
30%
檀州
25%
顺州
23%
儒州
23%
应州
23%
新州
20%
寰州
18%
No matching quizzes found
Score Distribution
Percent of People with Each Score
Percentile by Number Answered
Your Score History
You have not taken this quiz